| 000 | 00506nam a2200181 i 4500 | ||
|---|---|---|---|
| 001 | 58229 | ||
| 003 | ES-MaACL | ||
| 005 | 20230906163744.0 | ||
| 007 | t| | ||
| 008 | 031021s1966 sp ||||1| spa d | ||
| 100 | 1 |
_aDuquesne, Jacques. _946160 |
|
| 245 | 1 | 4 |
_aLos curas / _cJacques Duquesne ; [traducción de Lluis Gassiot]. |
| 250 | _a[1ª ed.]. | ||
| 260 |
_aMadrid : _bPenínsula, _c[1966] |
||
| 300 |
_a293 p. ; _c19 cm. |
||
| 700 | 1 |
_aGassiot, Lluis. _955916 |
|
| 852 |
_aES-MaACL _jC-30021 _bR.60341 |
||
| 999 |
_c58229 _d58229 |
||